Bourges - Choix Multiples - Statistiques

Statistiques générales
  • Ce quiz a été pris 152 fois
  • Le résultat moyen est 7 sur 10
Statistiques - réponses
Question Réponse % Correct
Quel festival de musique à lieu chaque année à Bourges depuis 1977 ? Printemps de Bourges
95%
De quel département Bourges est-elle la préfecture ? Le Cher
89%
Comment s'appelle l'homme originaire de Bourges devenu au fil du temps marchand, armateur, grand argentier, et conseiller du roi au XIVème siècle ? Jacques Cœur
88%
Quelle marque de sirop a été fondée et a son siège à Bourges ? Monin
78%
Dans quel sport le club féminin Tango Bourges ___ domine-t-il le classement, avec un palmarès de 12 victoires en coupe de France et 3 en Euroligue ? Le basketball
77%
Quel nom portent les habitants de Bourges ? Les Berruyers
77%
Quelle société industrielle du secteur aéronautique et spatial et de l’industrie de l'armement possède un site de production à Bourges ? MBDA
65%
Quel événement a contribué au développement de Bourges au milieu du XIXème siècle ? L'ouverture du canal du Berry permettant une meilleure desserte
63%
Laquelle de ces images représente la cathédrale de Bourges ?
54%
Quelle cours d'eau traverse Bourges ? L'Yèvre
31%
Aucun quiz correspondant
Distribution des résultats
% des personnes avec chaque résultat
Percentile par nombre de réponses
Votre historique - résultats
Vous n’avez pas pris ce quiz